| 000 | 00678cab a2200229 4500 | ||
|---|---|---|---|
| 001 | WB2849-28 | ||
| 008 | 090401t1992 xxu||||| |||| 00| 0 eng d | ||
| 035 | _a(Sirsi) u45430 | ||
| 041 | _aeng | ||
| 245 | _aLondon`s residential property sectors | ||
| 260 | _c1992 | ||
| 350 | _a0 | ||
| 490 |
_aIndependent _v12 December 1992, 36(2) |
||
| 520 | _aAreas of London which were seen as `up and coming` in the housing boom are now suffering the most from the downturn. | ||
| 650 | _aHOUSING MARKET | ||
| 650 | _aLONDON | ||
| 650 | _aSLUMP | ||
| 650 | _aTRENDS | ||
| 690 | _aPROPERTY-RESIDENTIAL PROPERTY-RESIDENTIAL PROPERTY MARKET | ||
| 942 | _n0 | ||
| 948 | _c04/03/1997 | ||
| 999 |
_c28826 _d28826 |
||